| 000 | 00841nam a2200253 a 4500 | ||
|---|---|---|---|
| 001 | 000023205 | ||
| 005 | 20250707112615.0 | ||
| 008 | 101130s1985 ag 000 0 spa d | ||
| 020 | _a950511043x | ||
| 040 |
_aDO-SdBNP _bspa _cBNPHU |
||
| 041 | 1 | 7 |
_aspa _beng _2Código de idiomas MARC |
| 082 |
_a330 _bH466e |
||
| 100 | 1 |
_aHeilbroner, Robert L. _947771 |
|
| 240 | 1 | 0 |
_aEconomics explained _lEspañol |
| 245 | 1 | 3 |
_aLa economía explicada / _cRobert L. Heilbroner, Lester C. Thurow ; traducción Juan Carlos Cachanosky. |
| 260 |
_aBuenos Aires : _bAguilar, _c1985. |
||
| 300 |
_a284 p. ; _c22 cm. |
||
| 534 |
_aTítulo original : _tEconomics explained |
||
| 500 | _aIncluye índice alfabético. | ||
| 650 | 0 |
_aEconomia _985383 |
|
| 650 | 0 |
_aHistoria económica _91620 |
|
| 700 | 1 |
_aCachanosky, Juan Carlos, _etr. _947772 |
|
| 049 | _aBNGR | ||
| 999 |
_c22702 _d22702 |
||